The Swiss without halos

Spremljeno u:
Bibliografski detalji
Glavni autor: Herold, J. Christopher
Format: Knjiga
Jezik:Undetermined
Izdano: New York Columbia Univ. Press 1948
Teme:
Oznake: Dodaj oznaku
Bez oznaka, Budi prvi tko označuje ovaj zapis!
Thư viện lưu trữ: Trung tâm Học liệu Trường Đại học Cần Thơ
LEADER 00526nam a2200193Ia 4500
001 CTU_85099
008 210402s9999 xx 000 0 und d
082 |a 949.4 
082 |b H561 
100 |a Herold, J. Christopher 
245 4 |a The Swiss without halos 
245 0 |c J. Christopher Herold 
260 |a New York 
260 |b Columbia Univ. Press 
260 |c 1948 
650 |a History,Civilization 
650 |z Switzerland,Switzerland 
904 |i Năm 
980 |a Trung tâm Học liệu Trường Đại học Cần Thơ